000 00242nam a2200097Ia 4500
001 1206162
005 20251009141634.0
008 250824s9999 xx 000 0 und d
245 0 _aTUTSAK GÜNEŞ
_cAYŞE KULİN
260 _bEVEREST YAYINLARI
999 _c1206162
_d1206162